| 000 | 00606nam a2200205 u 4500 | ||
|---|---|---|---|
| 005 | 20240924071534.0 | ||
| 008 | 091013s2007 ag r 000 0 eng d | ||
| 020 | _a9789870007302 | ||
| 035 | _aUPN01000173109 | ||
| 049 | _aCG | ||
| 050 | 4 |
_aLB1707 _bM4.2 2007 |
|
| 100 | 1 | _aMedaura, Julia Olga | |
| 245 | 1 | 4 |
_aUna didáctica para un profesor diferente / _cJulia Olga Medaura. |
| 250 | _a2a ed. | ||
| 260 |
_aBuenos Aires : _bLumen-Humanitas _c2007. |
||
| 300 |
_a195 p. : _bil. |
||
| 650 | 4 |
_aMaestros _xFormación profesional _9804 |
|
| 650 | 4 |
_aEducación _xFines y objetivos _94837 |
|
| 905 | _aLibro | ||
| 999 |
_c145213 _d145213 |
||